| 000 | 00319as aa2200109a 44500 | ||
|---|---|---|---|
| 090 |
_aSERIADAS _b01468 |
||
| 245 | 1 | 0 | _aCommon ground |
| 260 |
_bAlemania. Ministerio Federal de Medio Ambiente, Protección de la Naturaleza y Seguridad Nuclear _aAlemania |
||
| 310 | _aCuatrimestral | ||
| 041 | 0 | _aEspañol | |
| 942 | _cREVISTA | ||
| 999 |
_c17233 _d17233 |
||